<?xml version="1.0" encoding="UTF-8"?>
<collection xmlns="http://www.loc.gov/MARC21/slim">
 <record>
  <leader>00502pamaa2200157   4500</leader>
  <controlfield tag="001">0000024187</controlfield>
  <controlfield tag="005">20060922090000.0</controlfield>
  <datafield tag="020" ind1="0" ind2="0">
   <subfield code="a">007009490X </subfield>
  </datafield>
  <datafield tag="090" ind1="0" ind2="0">
   <subfield code="a">PE1417 </subfield>
   <subfield code="b">BUS 1999</subfield>
  </datafield>
  <datafield tag="100" ind1="1" ind2="0">
   <subfield code="a">BUSCEMI </subfield>
  </datafield>
  <datafield tag="245" ind1="1" ind2="2">
   <subfield code="a">A Reader for developing writers  </subfield>
   <subfield code="c">Santi V. Buscemi.</subfield>
  </datafield>
  <datafield tag="260" ind1="0" ind2="0">
   <subfield code="a">Boston: </subfield>
   <subfield code="b">McGraw-Hill College, </subfield>
   <subfield code="c">1999.</subfield>
  </datafield>
  <datafield tag="300" ind1=" " ind2=" ">
   <subfield code="a">xxvii, 517p.; </subfield>
   <subfield code="c">24cm.</subfield>
  </datafield>
  <datafield tag="650" ind1="0" ind2="0">
   <subfield code="a">English language -- </subfield>
   <subfield code="x">Rhetoric -- </subfield>
   <subfield code="x">Problems, exercises, etc. </subfield>
  </datafield>
  <datafield tag="650" ind1="0" ind2="0">
   <subfield code="a">Report writing -- </subfield>
   <subfield code="x">Problems, exercises, etc. </subfield>
  </datafield>
  <datafield tag="650" ind1="0" ind2="0">
   <subfield code="a">College readers </subfield>
  </datafield>
 </record>
</collection>
